| 000 | 01436nam a2200289Ia 4500 | ||
|---|---|---|---|
| 999 |
_c53444 _d53444 |
||
| 001 | 20488 | ||
| 003 | GE_BSU | ||
| 005 | 20210103224743.0 | ||
| 008 | 181216s1983||||ge |||||||||||||| ||geo|| | ||
| 040 | _cGE_BSU | ||
| 041 | _ageo | ||
| 080 | _a811.353.1-8(075.3) შ-21 | ||
| 100 |
_aშანიძე, აკაკი _99972 |
||
| 245 |
_aქართული ენის გრამატიკა : ნაწ. 2 : სინტაქსი [მართლწერის საკითხებითურთ] : _bVII-VIII კლ. სახელმძღ. / _cაკაკი შანიძე, ლ. კვაჭაძე ; რედ. ე. პოლოლიკაშვილი. |
||
| 250 | _aმე-20 გამოცემა | ||
| 264 |
_aთბილისი : _bგანათლება, _c1983. |
||
| 300 |
_a136 გვ. ; _c22 სმ. |
||
| 541 | _h30 თ. | ||
| 653 | _aVII-VIII კლასის სახელმძღვანელო | ||
| 653 | _aნაწილი 2 | ||
| 653 | _a სინტაქსი [მართლწერის საკითხებითურთ] | ||
| 653 | _aქართული ენა | ||
| 653 | _aქართული ენის გრამატიკა | ||
| 700 |
_aკვაჭაძე, ლ. _eავტორი _99973 |
||
| 700 |
_aპოლოლიკაშვილი, ე. _eრედაქტორი _94959 |
||
| 942 |
_cBK _2udc |
||